| 000 | 00325 a2200109 4500 | ||
|---|---|---|---|
| 999 |
_c233284 _d233284 |
||
| 003 | Nust | ||
| 005 | 20170306143501.0 | ||
| 008 | 170306b xxu||||| |||| 00| 0 eng d | ||
| 020 | _a9780195478297 | ||
| 040 | _c0 | ||
| 082 | _a954.91 NOO | ||
| 100 | _aNoorani, A. G. | ||
| 245 |
_aJinnah and Tilak Comrades in the Freedom Struggle / _cA. G. Noorani |
||
| 260 |
_aPakistan : _bOxford university press, _c2010 |
||
| 300 |
_axviii, 465p. : _bill. ; _c25 cm |
||
| 650 | _aJinnah | ||
| 942 |
_2ddc _cBK |
||